000 00502nam a2200169Ia 4500
999 _c27581
_d27581
003 OSt
005 20210105143734.0
008 190216s9999||||xx |||||||||||||| ||und||
040 _coclc
082 _a894.8122
_bPIS/S
100 _aPisharoti, Narayana
_98158
245 0 _aSwapnavasavdattam /
_cNarayana Pisharoti
260 _bPoorna Publication,
_c1969.
_aKozhikode:
300 _a123p
650 _aMalayalam Nadakam
942 _cBK
_2ddc
_h894.8122
_iPIS/S
_k894.8122
_mPIS/S